|
|
|
|
| LEADER |
01039nam a22002417a 4500 |
| 001 |
4503 |
| 003 |
BD-DhAAL |
| 005 |
20180409123137.0 |
| 008 |
141117s1908 ii ||||| |||| 00| 1 ben d |
| 999 |
|
|
|c 33044
|d 33044
|
| 040 |
|
|
|a BD-DhAAL
|c BD-DhAAL
|
| 041 |
|
|
|a BEN
|
| 082 |
|
|
|2 22
|a 891.4437
|
| 100 |
|
|
|a ঠাকুর, রবীন্দ্রনাথ
|9 3812
|
| 245 |
|
|
|a রবীন্দ্র-রচনাবলী,
|n সপ্তদশ খণ্ড
|
| 260 |
|
|
|a কলিকাতা :
|b বিশ্বভারতী,
|c ১৯০৮
|
| 300 |
|
|
|a ৫০৭ পৃষ্ঠা ;
|c ২৪ সে. মি.
|
| 541 |
|
|
|e 4503
|
| 600 |
|
|
|a Tagore, Rabindranath,
|x Fiction.
|y 1861-1941
|9 2544
|
| 600 |
|
|
|a ঠাকুর, রবীন্দ্রনাথ
|x রচনাবলী
|y ১৮৬১-১৯৪১
|9 2545
|
| 852 |
|
|
|a Ayesha Abed Library
|c General Stacks
|
| 942 |
|
|
|2 ddc
|c BK
|
| 952 |
|
|
|0 0
|1 0
|2 ddc
|4 0
|6 891_443700000000000_TAG
|7 0
|9 44057
|a BRACUL
|b BRACUL
|c GEN
|d 2014-11-17
|g 102.00
|l 0
|o 891.4437 TAG
|p 3010004503
|r 2014-11-17
|t 1
|w 2014-11-17
|y BK
|